Материалы к инструкции по речным изысканиям. Ч. 2: Инженерно-геологические работы (Запись № 13599127)

Подробности
000 -МАРКЕР
контрольное поле 01200nam2a2200229 4500
001 - ИДЕНТИФИКАТОР ЗАПИСИ
контрольное поле rc\2939166
005 - ИДЕНТИФИКАТОР ВЕРСИИ
контрольное поле 20260315055623.0
035 ## - ДРУГИЕ СИСТЕМНЫЕ НОМЕРА
Идентификатор записи (NLR Aleph) 007088066
100 ## - ДАННЫЕ ОБЩЕЙ ОБРАБОТКИ
Данные общей обработки 20110824d1934 u y0rusy50 ca
101 0# - ЯЗЫК РЕСУРСА
Язык текста, звукозаписи и т.д. русский
102 ## - СТРАНА ПУБЛИКАЦИИ ИЛИ ПРОИЗВОДСТВА
Страна публикации Российская Федерация
105 ## - ПОЛЕ КОДИРОВАННЫХ ДАННЫХ: ТЕКСТОВЫЕ МАТЕРИАЛЫ, МОНОГРАФИЧЕСКИЕ
Кодированные данные о монографическом текстовом документе a z |||||
200 1# - ЗАГЛАВИЕ И СВЕДЕНИЯ ОБ ОТВЕТСТВЕННОСТИ
Основное заглавие Инженерно-геологические работы
210 ## - ПУБЛИКАЦИЯ, РАСПРОСТРАНЕНИЕ И ДР.
Дата издания, распространения и т.д. 1934 вып. дан. 1935
215 ## - ФИЗИЧЕСКАЯ ХАРАКТЕРИСТИКА
Специфическое обозначение материала и объем [2], 2, 199 с., 16 л. ил.
Другие сведения о физической характеристике ил.
461 #0 - УРОВЕНЬ НАБОРА
Встроенное поле 001rc\2939165
-- 2001#$aМатериалы к инструкции по речным изысканиям$eЧ. - 2$fСССР. Наркомвод. Центр. науч.-исслед. ин-т водного транспорта. ЦНИВТ. Отд. портов и путей$vЧ. 2
Системный номер (АБИС) связанной записи 6545265
Место публикации Ленинград
Дата публикации 1934 вып. дан. 1935
Первые сведения об ответственности СССР. Наркомвод. Центр. науч.-исслед. ин-т водного транспорта. ЦНИВТ. Отд. портов и путей
Имя издателя, распространителя и т.д. Б. и.
Сведения, относящиеся к заглавию Ч. - 2
Заглавие Материалы к инструкции по речным изысканиям
Номер тома Ч. 2
801 #0 - ИСТОЧНИК ЗАПИСИ
Страна Российская Федерация
Организация NLR
Правила каталогизации psbo
801 #1 - ИСТОЧНИК ЗАПИСИ
Страна Российская Федерация
Организация ELAR
Источник данных rusmarc
852 ## - МЕСТОНАХОЖДЕНИЕ И ШИФР ХРАНЕНИЯ
Идентификатор организации NLR
Шифр хранения (Call Number) 72-8/588
942 ## - ДОПОЛНИТЕЛЬНЫЕ ЭЛЕМЕНТЫ ЗАПИСИ (АБИС)
Тип экземпляра АБИС Неопределено
980 ## - КОЛЛЕКЦИЯ
Название коллекции Национальная библиография

Нет доступных экземпляров.